What every engineer should know about inventing /

Bibliographic Details
Main Author: Middendorf, William H.
Format: Book
Language:English
Published: New York : Dekker, [1981]
Series:What every engineer should know ; v. 7.
Subjects:

MARC

Tag First Indicator Second Indicator Subfields
LEADER 00000pam a2200000 a 4500
001 in00000074102
005 20151008060158.0
008 810724s1981 nyua b 00110 eng
010 |a  81012469  
020 |a 0824713389 
035 |a (OCoLC)07734020 
035 |9 AAJ5266AM 
039 0 |a 2  |b 3  |c 3  |d 3  |e 3 
040 |a DLC  |c DLC  |d TXA  |d UtOrBLW 
049 |a TXAM  |c [952080] 
050 0 0 |a T212  |b .M52 
082 0 |a 608  |2 19 
100 1 |a Middendorf, William H. 
245 1 0 |a What every engineer should know about inventing /  |c William H. Middendorf. 
264 1 |a New York :  |b Dekker,  |c [1981] 
264 4 |c ©1981 
300 |a ix, 149 pages :  |b illustrations ;  |c 24 cm. 
336 |a text  |b txt  |2 rdacontent 
337 |a unmediated  |b n  |2 rdamedia 
338 |a volume  |b nc  |2 rdacarrier 
490 1 |a What every engineer should know ;  |v v. 7 
500 |a Includes index. 
504 |a Bibliography: pages 142-144. 
650 0 |a Inventions. 
650 0 |a Creative ability in technology. 
830 0 |a What every engineer should know ;  |v v. 7. 
999 |a MARS 
999 f f |s 9317d524-86a3-3537-869c-418f56c81273  |i 506d6de3-a33e-3ac1-8d0a-28f77678de7a  |t 0 
952 f f |p ric  |a Texas A&M University  |b Rellis Campus  |c Joint Library Facility  |d Remote Storage  |t 0  |e T212 .M52  |h Library of Congress classification  |i unmediated -- volume  |m A14806240778 
998 f f |a T212 .M52  |t 0  |l Remote Storage